000 00657nam a2200241Ia 4500
003 OSt
005 20220924130108.0
006 a|||||r|||| 00| 0
007 ta
008 220923b |||||||| |||| 00| 0 per d
024 _a331722
037 _cTextual
040 _aARTS
_cARTS
_bper
041 _2per
_aper
082 _aV46:1.G5, 164M7
100 _aIqbal Abbas Au.
_9198673
245 0 _aTajarib-al-salaf
260 _aTehran
_bKitab khana-e-Zahuri Iran
_c1987
300 _a461p.
_ccm.
650 _aPERSIAN LANGUAGE - HISTORY
942 _hV46:1.G5, 164M7
_cTEXL
_2CC
999 _c424045
_d424045